[Event "26. Copenhagen Open  (Politiken Cup)"]
[Site "Taastrup"]
[Date "2004.07.24"]
[Round "1"]
[White "Dannevig, Oystein"]
[Black "Munk, Poul"]
[Result "1-0"]
[WhiteElo "2363"]
[BlackElo "1992"]
[PlyCount "49"]
[EventDate "2004.07.24"]
[EventType "swiss"]
[EventRounds "10"]
[EventCountry "DEN"]
[SourceDate "2004.01.01"]

1. e4 e6 2. d3 d5 3. Nd2 dxe4 4. dxe4 g6 5. Ngf3 Bg7 6. Bc4 c5 7. O-O Nc6 8. c3
Qe7 9. Bb5 Bd7 10. Nc4 a6 11. Nd6+ Kf8 12. Be2 Be8 13. Be3 b6 14. Nxe8 Qxe8 15.
Qd6+ Nge7 16. Rad1 h6 17. Qc7 Qb8 18. Qxb8+ Rxb8 19. Bxa6 Kg8 20. Rd7 Kh7 21.
Rfd1 Rhd8 22. a4 Rxd7 23. Rxd7 Rd8 24. Rxd8 Nxd8 25. Bf4 1-0

[Event "26. Copenhagen Open  (Politiken Cup)"]
[Site "Taastrup"]
[Date "2004.07.24"]
[Round "1"]
[White "Dignam, Matthew"]
[Black "Jensen, Alexander Lindberg"]
[Result "1-0"]
[WhiteElo "2144"]
[BlackElo "1567"]
[PlyCount "37"]
[EventDate "2004.07.24"]
[EventType "swiss"]
[EventRounds "10"]
[EventCountry "DEN"]
[SourceDate "2004.01.01"]

1. d4 d5 2. Nc3 Nf6 3. Bg5 e6 4. e4 Be7 5. e5 Nfd7 6. h4 h6 7. Bxe7 Qxe7 8. Nf3
c5 9. Nb5 Nb6 10. Nd6+ Kd8 11. dxc5 N6d7 12. c4 dxc4 13. Bxc4 Nc6 14. Qd2 a6
15. O-O-O Kc7 16. Nxf7 Qxf7 17. Qd6+ Kd8 18. Bxe6 Qe7 19. Bxd7 1-0

[Event "26. Copenhagen Open  (Politiken Cup)"]
[Site "Taastrup"]
[Date "2004.07.24"]
[Round "1"]
[White "Edvardsson, Hannu Kalervo"]
[Black "Jensen, Soren G"]
[Result "0-1"]
[WhiteElo "1289"]
[BlackElo "2090"]
[PlyCount "72"]
[EventDate "2004.07.24"]
[EventType "swiss"]
[EventRounds "10"]
[EventCountry "DEN"]
[SourceDate "2004.01.01"]

1. e4 c6 2. c4 d5 3. cxd5 cxd5 4. exd5 Nf6 5. Bc4 Nbd7 6. Nc3 Nb6 7. d3 Nbxd5
8. Bxd5 Nxd5 9. Nxd5 Qxd5 10. Nf3 Bg4 11. Qa4+ Bd7 12. Qe4 Bc6 13. Nd2 Qg5 14.
Nc4 Qxg2 15. Qxg2 Bxg2 16. Rg1 Bd5 17. Be3 e6 18. O-O-O b5 19. Na3 a6 20. Kb1
Rc8 21. Rc1 Rxc1+ 22. Rxc1 Kd7 23. Bc5 Bxc5 24. Rxc5 Rc8 25. Rxc8 Kxc8 26. b3
Kc7 27. Nc2 Kd6 28. d4 Be4 29. Kc1 Bxc2 30. Kxc2 Kd5 31. Kd3 g5 32. f3 f5 33.
h3 h5 34. Ke3 g4 35. fxg4 fxg4 36. h4 b4 0-1

[Event "26. Copenhagen Open  (Politiken Cup)"]
[Site "Taastrup"]
[Date "2004.07.24"]
[Round "1"]
[White "Ekeberg, Carl Fredrik"]
[Black "Tuomisto, Keijo"]
[Result "1-0"]
[WhiteElo "2298"]
[BlackElo "1951"]
[PlyCount "73"]
[EventDate "2004.07.24"]
[EventType "swiss"]
[EventRounds "10"]
[EventCountry "DEN"]
[SourceDate "2004.01.01"]

1. Nf3 Nf6 2. c4 c5 3. Nc3 Nc6 4. g3 g6 5. d4 cxd4 6. Nxd4 Bg7 7. Bg2 O-O 8.
O-O Nxd4 9. Qxd4 d6 10. Qd2 Qa5 11. b3 Rb8 12. Rd1 Ng4 13. Bb2 Qc5 14. Ne4 Qh5
15. h4 Bxb2 16. Qxb2 f5 17. Ng5 Rf6 18. Bd5+ Kg7 19. Nh3 Bd7 20. Qd2 Qh6 21.
Qd4 a6 22. Bg2 b6 23. Qc3 Kh8 24. a4 Qg7 25. a5 Re6 26. Qxg7+ Kxg7 27. axb6 Bc8
28. Nf4 Re5 29. c5 Rxc5 30. b7 Bd7 31. Rxa6 Rb5 32. Ra8 R8xb7 33. Bxb7 Rxb7 34.
Rb1 Nf6 35. b4 Bb5 36. Ne6+ Kf7 37. Nd8+ 1-0

[Event "26. Copenhagen Open  (Politiken Cup)"]
[Site "Taastrup"]
[Date "2004.07.24"]
[Round "1"]
[White "Fredriksen, Jan Gunnar"]
[Black "Kaimer, Thomas"]
[Result "0-1"]
[WhiteElo "1766"]
[BlackElo "2237"]
[PlyCount "48"]
[EventDate "2004.07.24"]
[EventType "swiss"]
[EventRounds "10"]
[EventCountry "DEN"]
[SourceDate "2004.01.01"]

1. e3 e5 2. d4 exd4 3. exd4 d5 4. c4 c6 5. Nc3 Nf6 6. h3 h6 7. Nf3 Bd6 8. Bd3
O-O 9. O-O dxc4 10. Bxc4 Nbd7 11. Re1 Nb6 12. Bb3 Nbd5 13. Nxd5 Nxd5 14. Bxd5
cxd5 15. Nh2 Bf5 16. Be3 Rc8 17. Rc1 Rxc1 18. Bxc1 Qa5 19. a3 Rc8 20. Ng4 Bxg4
21. hxg4 Qc7 22. g3 Qc4 23. Kg2 Qb5 24. Re2 Rxc1 0-1

[Event "26. Copenhagen Open  (Politiken Cup)"]
[Site "Taastrup"]
[Date "2004.07.24"]
[Round "1"]
[White "Frisk, Ellinor"]
[Black "Fries Nielsen, Jens Ove"]
[Result "0-1"]
[WhiteElo "2007"]
[BlackElo "2398"]
[PlyCount "58"]
[EventDate "2004.07.24"]
[EventType "swiss"]
[EventRounds "10"]
[EventCountry "DEN"]
[SourceDate "2004.01.01"]

1. e4 c5 2. Nf3 e6 3. d4 cxd4 4. Nxd4 a6 5. g3 d5 6. Nc3 dxe4 7. Nxe4 e5 8. Nb3
Qxd1+ 9. Kxd1 Nc6 10. Be3 Be6 11. Bb6 f5 12. Nc3 Nf6 13. f3 Bb4 14. Nc5 Bxc5
15. Bxc5 O-O-O+ 16. Ke1 Nd7 17. Bf2 Nd4 18. Bxd4 exd4 19. Nb1 Kb8 20. Bd3 Ne5
21. Kf2 Nxf3 22. Be2 Ng5 23. Re1 Bd5 24. c3 Nh3+ 25. Kf1 f4 26. gxf4 Rhf8 27.
Rd1 Rxf4+ 28. Ke1 Re8 29. Rd2 d3 0-1

[Event "26. Copenhagen Open  (Politiken Cup)"]
[Site "Taastrup"]
[Date "2004.07.24"]
[Round "1"]
[White "Frisk, Hans"]
[Black "Bjarnason, Saevar"]
[Result "1-0"]
[WhiteElo "1960"]
[BlackElo "2318"]
[PlyCount "61"]
[EventDate "2004.07.24"]
[EventType "swiss"]
[EventRounds "10"]
[EventCountry "DEN"]
[SourceDate "2004.01.01"]

1. e4 e6 2. d4 d5 3. e5 c5 4. c3 Nc6 5. Nf3 Qb6 6. Bd3 cxd4 7. cxd4 Bd7 8. O-O
Nxd4 9. Nxd4 Qxd4 10. Nc3 a6 11. Qe2 Ne7 12. Kh1 Nc6 13. f4 g6 14. Rd1 Qb6 15.
Be3 Qc7 16. Bg1 Be7 17. Rac1 O-O 18. Bb1 f6 19. Na4 fxe5 20. Bb6 Qb8 21. f5
exf5 22. Rxd5 Be6 23. Rdd1 Qe8 24. Nc5 Bg5 25. Nxe6 Qxe6 26. Rc3 Rae8 27. Bc2
Kh8 28. Bb3 Qf6 29. Rd7 Nd4 30. Bxd4 exd4 31. Rcc7 1-0

[Event "26. Copenhagen Open  (Politiken Cup)"]
[Site "Taastrup"]
[Date "2004.07.24"]
[Round "1"]
[White "Gaspariants, Garry"]
[Black "Moller, Arne"]
[Result "1-0"]
[WhiteElo "2293"]
[BlackElo "1936"]
[PlyCount "95"]
[EventDate "2004.07.24"]
[EventType "swiss"]
[EventRounds "10"]
[EventCountry "DEN"]
[SourceDate "2004.01.01"]

1. c4 Nf6 2. g3 d5 3. cxd5 Nxd5 4. Bg2 e5 5. Nf3 Bd6 6. O-O c6 7. e4 Nf6 8. d4
Bg4 9. dxe5 Bxf3 10. Qxf3 Bxe5 11. Rd1 Qb6 12. Nd2 Nbd7 13. Nc4 Qc7 14. Nxe5
Nxe5 15. Qc3 O-O 16. Bf4 Rfe8 17. Rd2 Qe7 18. Bxe5 Qxe5 19. Qxe5 Rxe5 20. f4
Rc5 21. Rad1 g6 22. h3 Kg7 23. Kf2 Rc8 24. g4 Rc7 25. Bf3 h6 26. h4 Rc4 27. Rd4
Rc2+ 28. R1d2 Rxd2+ 29. Rxd2 g5 30. hxg5 hxg5 31. e5 Nd7 32. Ke3 gxf4+ 33. Kxf4
Nc5 34. Be4 Re7 35. Bf5 Na4 36. Rh2 Nb6 37. Rh7+ Kg8 38. e6 Nd5+ 39. Kf3 fxe6
40. Rxe7 Nxe7 41. Bxe6+ Kg7 42. g5 c5 43. Kf4 Kg6 44. Bc4 Nc6 45. Bd3+ Kf7 46.
Be4 Na5 47. b3 b5 48. Ke5 1-0

[Event "26. Copenhagen Open  (Politiken Cup)"]
[Site "Taastrup"]
[Date "2004.07.24"]
[Round "1"]
[White "Gerstoft, Philip"]
[Black "Skjoldager, Flemming"]
[Result "0-1"]
[WhiteElo "1285"]
[BlackElo "2088"]
[PlyCount "26"]
[EventDate "2004.07.24"]
[EventType "swiss"]
[EventRounds "10"]
[EventCountry "DEN"]
[SourceDate "2004.01.01"]

1. e4 c6 2. d4 d5 3. Nc3 dxe4 4. Nxe4 Nf6 5. Nxf6+ gxf6 6. Bf4 Bf5 7. Nf3 Nd7
8. Bd3 e6 9. Bxf5 Qa5+ 10. Qd2 Qxf5 11. O-O-O O-O-O 12. Rhe1 Nb6 13. h3 Nc4 0-1

[Event "26. Copenhagen Open  (Politiken Cup)"]
[Site "Taastrup"]
[Date "2004.07.24"]
[Round "1"]
[White "Gullaksen, Eirik T"]
[Black "Fant, Goran"]
[Result "1-0"]
[WhiteElo "2390"]
[BlackElo "1997"]
[PlyCount "47"]
[EventDate "2004.07.24"]
[EventType "swiss"]
[EventRounds "10"]
[EventCountry "DEN"]
[SourceDate "2004.01.01"]

1. e4 e6 2. d4 d5 3. Nc3 Bb4 4. e5 c5 5. a3 Ba5 6. b4 cxd4 7. Nb5 Bc7 8. f4 a5
9. Nf3 axb4 10. Bd3 Nc6 11. Ng5 Bb8 12. O-O Nh6 13. Qh5 Qb6 14. Bd2 bxa3 15.
Rfb1 Nxe5 16. fxe5 Bxe5 17. Ne4 dxe4 18. Qxe5 a2 19. Rb3 Ng4 20. Qxg7 e5 21.
Qxh8+ Ke7 22. Bg5+ Kd7 23. Qxh7 Ke8 24. Qg8+ 1-0

[Event "26. Copenhagen Open  (Politiken Cup)"]
[Site "Taastrup"]
[Date "2004.07.24"]
[Round "1"]
[White "Hansen, Martin"]
[Black "Richards, Heather"]
[Result "0-1"]
[WhiteElo "1732"]
[BlackElo "2219"]
[PlyCount "74"]
[EventDate "2004.07.24"]
[EventType "swiss"]
[EventRounds "10"]
[EventCountry "DEN"]
[SourceDate "2004.01.01"]

1. e4 e6 2. d4 d5 3. exd5 exd5 4. Nf3 Bd6 5. Bd3 Nc6 6. O-O Nge7 7. c3 Bg4 8.
Bg5 f6 9. Bh4 Qd7 10. Nbd2 O-O-O 11. b4 Rdg8 12. a4 h5 13. a5 Bf4 14. Qb3 g5
15. Bg3 Bxd2 16. Nxd2 h4 17. h3 hxg3 18. hxg4 Qxg4 19. fxg3 Nxd4 20. cxd4 Qxd4+
21. Rf2 Qxa1+ 22. Nb1 Qd4 23. a6 Rh6 24. axb7+ Kb8 25. Bc2 Rgh8 26. Kf1 Qe5 27.
Re2 Rh1+ 28. Kf2 Qd4+ 29. Qe3 Nc6 30. Bg6 Qxb4 31. Nc3 d4 32. Qe6 Qxc3 33. Be8
Rxe8 34. Qxe8+ Kxb7 35. Qe4 d3 36. Qf3 dxe2 37. Qxc3 e1=B+ 0-1

[Event "26. Copenhagen Open  (Politiken Cup)"]
[Site "Taastrup"]
[Date "2004.07.24"]
[Round "1"]
[White "Hansen, Rene Rauer"]
[Black "Asbjornsson, Sverrir"]
[Result "1-0"]
[WhiteElo "2066"]
[BlackElo "1000"]
[PlyCount "53"]
[EventDate "2004.07.24"]
[EventType "swiss"]
[EventRounds "10"]
[EventCountry "DEN"]
[SourceDate "2004.01.01"]

1. c4 Nf6 2. Nf3 d5 3. cxd5 Nxd5 4. g3 Nc6 5. d4 e6 6. a3 Bd6 7. Bg2 Bd7 8. O-O
Qe7 9. e4 Nb6 10. e5 Bxe5 11. dxe5 O-O-O 12. Nc3 h6 13. b4 Nb8 14. Qe2 c6 15.
Be3 Kc7 16. Rac1 Rc8 17. Nb5+ Kd8 18. Bc5 Qe8 19. Nd6 Qg8 20. Bxb6+ axb6 21.
Nxc8 Kxc8 22. Rfd1 Qf8 23. Rd6 Kc7 24. Qd2 Qe8 25. a4 Qc8 26. Nd4 Qe8 27. Qe3
1-0

[Event "26. Copenhagen Open  (Politiken Cup)"]
[Site "Taastrup"]
[Date "2004.07.24"]
[Round "1"]
[White "Hansen, Sune Berg"]
[Black "Stolberg Rohr, Thomine"]
[Result "1-0"]
[WhiteElo "2552"]
[BlackElo "2043"]
[PlyCount "75"]
[EventDate "2004.07.24"]
[EventType "swiss"]
[EventRounds "10"]
[EventCountry "DEN"]
[SourceDate "2004.01.01"]

1. e4 d6 2. d4 Nf6 3. Nc3 g6 4. Be3 c6 5. Nf3 b5 6. Bd3 Nbd7 7. Qd2 Bb7 8. a4
b4 9. Ne2 a5 10. e5 Nd5 11. e6 fxe6 12. Ng5 N7f6 13. Nxe6 Qd7 14. Nxf8 Rxf8 15.
Bh6 Rf7 16. f3 O-O-O 17. O-O Re8 18. Ng3 e5 19. dxe5 Ng8 20. exd6 Nxh6 21. Qxh6
Qxd6 22. Ne4 Qe5 23. Kh1 Kc7 24. Rab1 Nf4 25. Bc4 Rd7 26. c3 Ree7 27. cxb4 axb4
28. Rbc1 Rg7 29. Bb5 Rgf7 30. Rf2 Rf5 31. Qh4 Qd4 32. Rd2 Qe3 33. Rxd7+ Kxd7
34. Rd1+ Nd5 35. Qxh7+ Ke6 36. Qxg6+ Rf6 37. Nxf6 Nxf6 38. Bc4+ 1-0

[Event "26. Copenhagen Open  (Politiken Cup)"]
[Site "Taastrup"]
[Date "2004.07.24"]
[Round "1"]
[White "Harstad, Christian"]
[Black "Eiholt, Bjarne"]
[Result "1-0"]
[WhiteElo "2140"]
[BlackElo "1542"]
[PlyCount "103"]
[EventDate "2004.07.24"]
[EventType "swiss"]
[EventRounds "10"]
[EventCountry "DEN"]
[SourceDate "2004.01.01"]

1. d4 c6 2. c4 d5 3. Nf3 Nf6 4. Nc3 e6 5. Bg5 Be7 6. e3 O-O 7. Rc1 Nbd7 8. Bd3
dxc4 9. Bxc4 b5 10. Bd3 a6 11. e4 b4 12. Na4 Bb7 13. O-O Rc8 14. Nc5 Nxc5 15.
dxc5 Nd7 16. Be3 Qa5 17. Qc2 e5 18. Nd2 Qc7 19. a3 a5 20. axb4 axb4 21. Qc4 Rb8
22. Ra1 Ra8 23. Qxb4 Rfb8 24. Qc4 Bc8 25. b4 Qb7 26. Rxa8 Rxa8 27. Qb3 Nf8 28.
Bc4 Be6 29. Rb1 Qa7 30. h3 Qa3 31. Bxe6 Nxe6 32. Qxa3 Rxa3 33. Nc4 Ra8 34. Nxe5
Rc8 35. Nc4 Rb8 36. Nb6 Nc7 37. Bf4 Rb7 38. Ra1 Bf6 39. Ra4 g6 40. Bxc7 Rxc7
41. Kf1 Re7 42. f3 Bc3 43. Ke2 f5 44. Kd3 Be1 45. Ra8+ Kg7 46. exf5 gxf5 47.
Rc8 Bxb4 48. Rxc6 f4 49. Nd5 Rd7 50. Kc4 Ba3 51. Ra6 Bb2 52. c6 1-0

[Event "26. Copenhagen Open  (Politiken Cup)"]
[Site "Taastrup"]
[Date "2004.07.24"]
[Round "1"]
[White "Hein, Jacob"]
[Black "Christensen, Janus"]
[Result "0-1"]
[WhiteElo "1351"]
[BlackElo "2054"]
[PlyCount "64"]
[EventDate "2004.07.24"]
[EventType "swiss"]
[EventRounds "10"]
[EventCountry "DEN"]
[SourceDate "2004.01.01"]

1. d4 Nf6 2. c4 c5 3. e3 e6 4. Nc3 Nc6 5. Nf3 d5 6. Bd3 Nb4 7. cxd5 Nfxd5 8.
Bb1 cxd4 9. Nxd4 Qg5 10. Qf3 Nxc3 11. bxc3 Nd5 12. Bd2 Bd6 13. Ne2 Nb6 14. Bd3
O-O 15. Rb1 Bd7 16. Ng3 Bc6 17. e4 Qh4 18. Qh5 Bxg3 19. Qxh4 Bxh4 20. Be3 Rfd8
21. Bc2 Nc4 22. Bc1 Bf6 23. Rb3 Ba4 24. O-O Nd2 25. e5 Nxf1 26. Rxb7 Bxc2 27.
exf6 Rd1 28. f3 Rxc1 29. Kf2 Rd8 30. h3 Rd2+ 31. Kg1 Ne3+ 32. Kh2 Rxg2# 0-1

[Event "26. Copenhagen Open  (Politiken Cup)"]
[Site "Taastrup"]
[Date "2004.07.24"]
[Round "1"]
[White "Helin, Mikael"]
[Black "Holm, Sejer"]
[Result "0-1"]
[WhiteElo "1939"]
[BlackElo "2296"]
[PlyCount "72"]
[EventDate "2004.07.24"]
[EventType "swiss"]
[EventRounds "10"]
[EventCountry "DEN"]
[SourceDate "2004.01.01"]

1. e4 c5 2. c4 Nc6 3. Nc3 g6 4. g3 Bg7 5. Bg2 d6 6. d3 Nf6 7. h3 O-O 8. Nge2
Ne8 9. g4 Nc7 10. O-O Rb8 11. Bd2 a6 12. f4 b5 13. b3 b4 14. Na4 Bxa1 15. Qxa1
Ne6 16. f5 Ned4 17. Ng3 Ne5 18. Nb2 f6 19. Qd1 Kh8 20. h4 e6 21. g5 gxf5 22.
gxf6 Qxf6 23. Bg5 Qg6 24. Nh5 Rb7 25. exf5 exf5 26. Nf4 Qe8 27. Nh5 Ng4 28. Bh3
Ne2+ 29. Kh1 Qxh5 30. Qxe2 Rbf7 31. d4 h6 32. Bf4 Qxh4 33. Qg2 cxd4 34. Kg1 Ne3
35. Qh2 Rg8+ 36. Kh1 Bb7+ 0-1

[Event "26. Copenhagen Open  (Politiken Cup)"]
[Site "Taastrup"]
[Date "2004.07.24"]
[Round "1"]
[White "Hjelm, Niclas"]
[Black "Larsen, Knud"]
[Result "1-0"]
[WhiteElo "2339"]
[BlackElo "1965"]
[PlyCount "81"]
[EventDate "2004.07.24"]
[EventType "swiss"]
[EventRounds "10"]
[EventCountry "DEN"]
[SourceDate "2004.01.01"]

1. d4 Nf6 2. Nf3 g6 3. c4 c5 4. d5 d6 5. Nc3 Bg7 6. Bg5 Bg4 7. Nd2 h6 8. Bh4 g5
9. Bg3 Nbd7 10. f3 Bh5 11. e4 Qb6 12. Rb1 Bg6 13. Bf2 Qc7 14. Be2 Nh5 15. g3
Bxc3 16. bxc3 Ng7 17. Bd3 Ne5 18. Qa4+ Kd8 19. Bc2 Bh5 20. g4 Bg6 21. h4 f6 22.
Ke2 b6 23. Be3 Qd7 24. hxg5 fxg5 25. Bxg5 h5 26. Qxd7+ Kxd7 27. Ba4+ Kc7 28.
Bxe7 hxg4 29. f4 Nf7 30. Bf6 Rxh1 31. Rxh1 Nh5 32. f5 Ng3+ 33. Ke3 Nxh1 34.
fxg6 Nh6 35. e5 Ng3 36. Kf4 Nh5+ 37. Kg5 g3 38. Kxh5 g2 39. Nf3 Ng8 40. Kg5 Rf8
41. g7 1-0

[Event "26. Copenhagen Open  (Politiken Cup)"]
[Site "Taastrup"]
[Date "2004.07.24"]
[Round "1"]
[White "Hvenekilde, Jorgen"]
[Black "Rasmussen, Henning"]
[Result "1-0"]
[WhiteElo "2239"]
[BlackElo "1767"]
[PlyCount "109"]
[EventDate "2004.07.24"]
[EventType "swiss"]
[EventRounds "10"]
[EventCountry "DEN"]
[SourceDate "2004.01.01"]

1. d4 Nf6 2. c4 d6 3. Nc3 e5 4. Nf3 Nbd7 5. g3 Be7 6. Bg2 c6 7. O-O O-O 8. Qc2
Ne8 9. Rd1 Qc7 10. b3 f5 11. dxe5 dxe5 12. Bb2 Ndf6 13. a3 e4 14. Nd4 Nd6 15.
c5 Nf7 16. b4 Bd7 17. Qb3 Rad8 18. Ne6 Bxe6 19. Qxe6 Qe5 20. Qb3 Qc7 21. Bh3
Qc8 22. e3 Rxd1+ 23. Rxd1 Rd8 24. Rxd8+ Bxd8 25. Ne2 Nd5 26. Nf4 Nxf4 27. gxf4
Kf8 28. Kf1 Qd7 29. Ke1 Bf6 30. Bxf6 gxf6 31. Bf1 a6 32. Bc4 Nd8 33. Qa2 Qg7
34. h3 Qg1+ 35. Bf1 Qg8 36. Bc4 Qg1+ 37. Bf1 Qg8 38. Qxg8+ Kxg8 39. Bc4+ Kf8
40. f3 exf3 41. Kf2 Ke7 42. Bd3 Ke6 43. Kxf3 h6 44. Bc4+ Ke7 45. Bd3 Ke6 46.
Kg3 Kd5 47. Kh4 Ne6 48. Kh5 Nxc5 49. bxc5 Kxc5 50. Kxh6 b5 51. h4 a5 52. h5 b4
53. axb4+ axb4 54. Kg6 b3 55. h6 1-0

[Event "26. Copenhagen Open  (Politiken Cup)"]
[Site "Taastrup"]
[Date "2004.07.24"]
[Round "1"]
[White "Hyldkrog, Mikkel"]
[Black "Korolev, Nikolaj"]
[Result "0-1"]
[WhiteElo "1591"]
[BlackElo "2148"]
[PlyCount "86"]
[EventDate "2004.07.24"]
[EventType "swiss"]
[EventRounds "10"]
[EventCountry "DEN"]
[SourceDate "2004.01.01"]

1. c4 e5 2. Nc3 Nc6 3. g3 g6 4. Bg2 Bg7 5. e3 Nge7 6. Nge2 O-O 7. O-O d6 8. d4
exd4 9. Nxd4 Bd7 10. Nd5 Qc8 11. Nxc6 Nxc6 12. Qf3 Kh8 13. Rb1 Bg4 14. Qf4 Ne5
15. f3 Be6 16. Rd1 c6 17. Nc3 Nxc4 18. b3 Bxc3 19. bxc4 d5 20. cxd5 Bxd5 21.
Ba3 Re8 22. Bb2 Bxb2 23. Rxb2 b5 24. Rc2 Qe6 25. e4 Bxa2 26. Rd6 Qb3 27. Rdxc6
Rad8 28. Rd2 Qb1+ 29. Bf1 Rxd2 30. Qxd2 Bc4 31. Rxc4 bxc4 32. Qd7 Qb6+ 33. Kg2
Qe6 34. Qb5 c3 35. Bc4 Qe5 36. Qc6 Kg7 37. Bd5 Rb8 38. f4 Rb2+ 39. Kf3 Qh5+ 40.
Ke3 Qe2+ 41. Kd4 Qf2+ 42. Kc4 c2 43. Kd3 Qf1+ 0-1

[Event "26. Copenhagen Open  (Politiken Cup)"]
[Site "Taastrup"]
[Date "2004.07.24"]
[Round "1"]
[White "Jacobsen, Hans Endrup"]
[Black "Kallenbach, Uffe"]
[Result "1-0"]
[WhiteElo "2102"]
[BlackElo "1445"]
[PlyCount "39"]
[EventDate "2004.07.24"]
[EventType "swiss"]
[EventRounds "10"]
[EventCountry "DEN"]
[SourceDate "2004.01.01"]

1. e4 c5 2. Nf3 d6 3. d4 cxd4 4. Nxd4 Nf6 5. Nc3 a6 6. Be3 e5 7. Nb3 Be7 8. Be2
Be6 9. O-O O-O 10. f4 exf4 11. Bxf4 Qb6+ 12. Kh1 Nbd7 13. Qe1 Ne5 14. Qg3 Ng6
15. Be3 Qc7 16. Nd4 Bc4 17. Rae1 Rac8 18. Nf5 d5 19. Bf4 Nxf4 20. Qxg7# 1-0

[Event "26. Copenhagen Open  (Politiken Cup)"]
[Site "Taastrup"]
[Date "2004.07.24"]
[Round "1"]
[White "Jensen, Jan Erik"]
[Black "Henrichsen, Jens"]
[Result "0-1"]
[WhiteElo "1259"]
[BlackElo "2084"]
[PlyCount "60"]
[EventDate "2004.07.24"]
[EventType "swiss"]
[EventRounds "10"]
[EventCountry "DEN"]
[SourceDate "2004.01.01"]

1. e4 c5 2. Nc3 Nc6 3. Nf3 Nf6 4. Bc4 d6 5. d3 a6 6. Bg5 e6 7. a3 Be7 8. O-O
O-O 9. Re1 e5 10. Bxf6 Bxf6 11. Nd5 Bg4 12. h3 Be6 13. Nxf6+ Qxf6 14. Bxe6 fxe6
15. c3 b5 16. Qd2 Rab8 17. b4 a5 18. Rab1 axb4 19. axb4 cxb4 20. cxb4 Rf7 21.
Nh2 Nd4 22. f3 Rc7 23. Kf1 Rc2 24. Qe3 h5 25. Rbc1 Ra8 26. Ra1 Rxa1 27. Rxa1
Qg6 28. Qg1 Qg5 29. Re1 Qd2 30. g4 Qxd3+ 0-1

[Event "26. Copenhagen Open  (Politiken Cup)"]
[Site "Taastrup"]
[Date "2004.07.24"]
[Round "1"]
[White "Jensen, Jannick"]
[Black "Jakobsen, Ole"]
[Result "0-1"]
[WhiteElo "1994"]
[BlackElo "2379"]
[PlyCount "74"]
[EventDate "2004.07.24"]
[EventType "swiss"]
[EventRounds "10"]
[EventCountry "DEN"]
[SourceDate "2004.01.01"]

1. e4 d6 2. d4 g6 3. c3 Bg7 4. f4 Nf6 5. Bd3 O-O 6. Nf3 Nc6 7. O-O e6 8. Na3 b6
9. Bd2 Bb7 10. Qe1 Ne7 11. h3 c5 12. g4 cxd4 13. cxd4 d5 14. e5 Ne4 15. Be3 a6
16. Nh4 f6 17. Nf3 Nc6 18. Nc2 f5 19. Kh1 a5 20. Rg1 Ba6 21. Bxa6 Rxa6 22. h4
Ne7 23. g5 Qd7 24. Qe2 Ra7 25. Na3 Rc7 26. Nb5 Rc6 27. Nd2 Rc2 28. Rab1 Nxd2
29. Bxd2 Rxd2 30. Qxd2 Qxb5 31. Rg3 Rc8 32. Rb3 Qa6 33. Rc1 Rc4 34. Rbc3 Bf8
35. b3 Rxc3 36. Qxc3 Qe2 37. a4 Qe4+ 0-1

[Event "26. Copenhagen Open  (Politiken Cup)"]
[Site "Taastrup"]
[Date "2004.07.24"]
[Round "1"]
[White "Jensen, Sren"]
[Black "Larsen, Allan"]
[Result "1-0"]
[WhiteElo "1609"]
[BlackElo "2158"]
[PlyCount "75"]
[EventDate "2004.07.24"]
[EventType "swiss"]
[EventRounds "10"]
[EventCountry "DEN"]
[SourceDate "2004.01.01"]

1. Nf3 d5 2. c4 Nf6 3. g3 g6 4. b3 d4 5. Bb2 c5 6. d3 Nc6 7. Bg2 Bg7 8. O-O O-O
9. Na3 e5 10. Nc2 Ne8 11. e3 Nc7 12. exd4 exd4 13. Re1 Bg4 14. Qd2 h6 15. h3
Be6 16. b4 b6 17. bxc5 bxc5 18. Ba3 Na6 19. Rab1 Rb8 20. Rb5 Re8 21. Reb1 Qd7
22. Kh2 Qd6 23. Nh4 g5 24. Nf3 Bf5 25. Rxb8 Rxb8 26. Rb5 Ne7 27. Rxb8+ Qxb8 28.
Ncxd4 cxd4 29. Bxe7 Qc7 30. Ba3 Nc5 31. Bf1 Na4 32. Bb2 Nc3 33. Nxd4 Bxd4 34.
Bxc3 Bb6 35. d4 Qd7 36. c5 Bc7 37. d5 Be4 38. Qd4 1-0

[Event "26. Copenhagen Open  (Politiken Cup)"]
[Site "Taastrup"]
[Date "2004.07.24"]
[Round "1"]
[White "Joensen, Hjalmar"]
[Black "Rossen, Claus"]
[Result "0-1"]
[WhiteElo "1618"]
[BlackElo "2168"]
[PlyCount "70"]
[EventDate "2004.07.24"]
[EventType "swiss"]
[EventRounds "10"]
[EventCountry "DEN"]
[SourceDate "2004.01.01"]

1. d4 Nf6 2. Nf3 g6 3. c4 d5 4. e3 Bg7 5. Nc3 O-O 6. Qc2 c5 7. Be2 cxd4 8. Nxd4
e5 9. Nb3 d4 10. Nd1 Nc6 11. a3 Bf5 12. Bd3 e4 13. Bf1 d3 14. Qd2 Ng4 15. Nc3
Nge5 16. Nc5 Nxc4 17. Qd1 Qe7 18. g4 Qxc5 19. gxf5 Nxb2 20. Nxe4 Qxf5 21. Bxb2
Bxb2 22. Bg2 Bxa1 23. Qxa1 Qa5+ 24. Kf1 Qe5 25. Qb1 Rad8 26. f4 Qe7 27. Qb2 f5
28. Ng5 Qxe3 29. Qb3+ Kh8 30. Bf3 h6 31. Qe6 Qc1+ 32. Kg2 Qb2+ 33. Kg3 hxg5 34.
Qxg6 gxf4+ 35. Kh4 Qf6+ 0-1

[Event "26. Copenhagen Open  (Politiken Cup)"]
[Site "Taastrup"]
[Date "2004.07.24"]
[Round "1"]
[White "Johansen, Paul"]
[Black "Erikstad, Olav"]
[Result "0-1"]
[WhiteElo "2117"]
[BlackElo "1503"]
[PlyCount "110"]
[EventDate "2004.07.24"]
[EventType "swiss"]
[EventRounds "10"]
[EventCountry "DEN"]
[SourceDate "2004.01.01"]

1. Nf3 c6 2. b3 d5 3. Bb2 Nf6 4. g3 Bf5 5. Bg2 Nbd7 6. O-O e6 7. d3 Bc5 8. Nbd2
Qb6 9. h3 Bg6 10. Rb1 O-O 11. c4 Nh5 12. d4 Be7 13. Rc1 Nhf6 14. c5 Qc7 15. Qe1
Nb8 16. Ne5 Na6 17. Nxg6 hxg6 18. a3 Qd8 19. Nf3 Nc7 20. Ne5 Na6 21. e3 Nd7 22.
Nd3 Kh7 23. Qe2 Rh8 24. b4 Kg8 25. e4 Nf6 26. e5 Nh7 27. f4 Nf8 28. g4 Nh7 29.
Bc3 Nc7 30. a4 Na6 31. Rb1 Nc7 32. Bd2 Rb8 33. Qf3 Qf8 34. Be1 Qe8 35. Bg3 Qf8
36. Be1 Qe8 37. Bd2 Qf8 38. f5 gxf5 39. gxf5 exf5 40. Qxf5 Ne6 41. Qg4 Nhg5 42.
Bxg5 Bxg5 43. Rf5 Rh4 44. Qg3 Rxd4 45. Rbf1 Bh4 46. Qf3 Qe8 47. Nf4 Nxf4 48.
Rxf4 Rxf4 49. Qxf4 Qe7 50. e6 Rf8 51. Qg4 fxe6 52. Rxf8+ Kxf8 53. Qh5 Qg5 54.
Qh8+ Kf7 55. Qc8 Qe3+ 0-1

[Event "26. Copenhagen Open  (Politiken Cup)"]
[Site "Taastrup"]
[Date "2004.07.24"]
[Round "1"]
[White "Jorgensen, Mikkel"]
[Black "Nolsoe, Eydun"]
[Result "0-1"]
[WhiteElo "1680"]
[BlackElo "2212"]
[PlyCount "62"]
[EventDate "2004.07.24"]
[EventType "swiss"]
[EventRounds "10"]
[EventCountry "DEN"]
[SourceDate "2004.01.01"]

1. d4 Nf6 2. f3 d5 3. e4 dxe4 4. Nc3 e3 5. Bxe3 e6 6. Bd3 Be7 7. Nge2 O-O 8.
O-O Nbd7 9. Ne4 Nd5 10. Bf2 f5 11. N4c3 N7b6 12. Nxd5 exd5 13. Re1 f4 14. b3 c6
15. c3 Bd6 16. Qc2 h6 17. Bg6 Qg5 18. h4 Qf6 19. Bd3 Be6 20. a3 Rad8 21. c4 Bb8
22. c5 Nc8 23. b4 Ne7 24. b5 Bf5 25. bxc6 bxc6 26. Bxf5 Nxf5 27. Qa4 Ng3 28.
Bxg3 fxg3 29. Kf1 Qxh4 30. Qxc6 Rxf3+ 31. gxf3 Qh3+ 0-1